MARC

Tag First Indicator Second Indicator Subfields
LEADER 00000cgm a2200000Ma 4500
001 in00002782375
005 20201128064639.0
007 vd csaizk
008 121205p20121999xxu097 vleng d
024 1 |a 096009020118 
028 4 2 |a 02011  |b Echo Bridge home Entertainment 
035 |a (OCoLC)ocn828034664 
035 |a (OCoLC)828034664 
040 |a EYM  |c EYM  |d OCLCO  |d OCLCF  |d TXA  |d UtOrBLW 
049 |a TXAM 
090 |a PN1995.9.S26  |b E95 2012 
245 0 0 |a Existenz /  |c Dimension Films, Alliance Atlantis, Serendipity Point Films present ; in association with Natural Nylon ;a Robert Lantos production ; a David Cronenberg film ; produced by Robert Lantos, Andras Hamori, David Cronenberg ; written and directed by David Cronenberg. 
264 1 |a [United States] :  |b Miramax :  |b Echo Bridge Home Entertainment,  |c 2012. 
300 |a 1 videodisc (approximately 97 min.) :  |b sound, color ;  |c 4 3/4 in. 
336 |a two-dimensional moving image  |b tdi  |2 rdacontent 
337 |a video  |b v  |2 rdamedia 
338 |a videodisc  |b vd  |2 rdacarrier 
538 |a Blu-ray; full high definition 1080p, 16 x 9 (1.78:1) presentation; English 5.1 DTS, English 2.0 stereo. 
511 1 |a Jennifer Jason Leigh, Jude Law, Ian Holm, Sarah Polley, Willem Dafoe. 
508 |a Director of photography, Peter Suschitzky ; editor, Ronald Sanders ; music, Howard Shore. 
500 |a Title written on screen as: eXistenZ. 
500 |a Based on the book by David Cronenberg. 
500 |a Originally released as a motion picture in 1999. 
520 |a A designer of a virtual reality game is hunted by an assassin intent on killing her and destroying her creation. 
500 |a Special features: interview with Jude Law ; interview with Willem Dafoe ; interview with Special Effects Supervisor. 
500 |a Videorecording. 
650 0 |a Video games  |v Drama. 
650 7 |a Video games.  |2 fast  |0 (OCoLC)fst01166421 
655 7 |a Science fiction films.  |2 lcgft 
655 7 |a Fiction films.  |2 lcgft 
655 7 |a Feature films.  |2 lcgft 
655 7 |a Film adaptations.  |2 lcgft 
700 1 |a Cronenberg, David,  |d 1943- 
700 1 |a Lantos, Robert,  |d 1949- 
700 1 |a Hámori, András. 
700 1 |a Law, Jude,  |d 1972- 
700 1 |a Leigh, Jennifer Jason,  |d 1962- 
700 1 |a Holm, Ian,  |d 1931-2020. 
700 1 |a Dafoe, Willem. 
700 1 |a Polley, Sarah. 
710 2 |a Dimension Films (1990- ) 
710 2 |a Alliance Atlantis (Firm) 
710 2 |a Serendipity Point Films. 
710 2 |a Natural Nylon Entertainment. 
710 2 |a Miramax Films. 
710 2 |a Echo Bridge Home Entertainment. 
994 |a C0  |b TXA 
948 |a cataloged  |b h  |c 2014/4/29  |d c  |e blrosas  |f 10:49:17 am 
999 |a MARS 
999 f f |s b3ed3d56-4318-31f9-86da-7551f8413573  |i 30fb8e8e-1b55-3b77-b696-2790001c2bfe  |t 0 
952 f f |p bluray  |a Texas A&M University  |b College Station  |c Sterling C. Evans Library  |s Evans Media and Reserves  |d Evans: Media and Reserves (Annex 1st floor)  |t 0  |e PN1995.9.S26 E95 2012  |h Library of Congress classification  |i video -- videodisc  |m A14841655544 
998 f f |a PN1995.9.S26 E95 2012  |t 0  |l Evans: Media and Reserves (Annex 1st floor)